[Event "Marrakesh op 1st"]
[Site "Marrakesh"]
[Date "2010.06.27"]
[Round "3"]
[White "Colas, Yves"]
[Black "Hamdouchi, Adina Maria"]
[Result "0-1"]
[WhiteElo "1748"]
[BlackElo "2329"]
[PlyCount "48"]
[EventDate "2010.06.26"]
[EventType "swiss"]
[EventRounds "9"]
[EventCountry "MAR"]
[SourceTitle "CBM 137 Extra"]
[Source "ChessBase"]
[SourceDate "2010.09.01"]
[SourceVersion "1"]
[SourceVersionDate "2010.09.01"]
[SourceQuality "1"]

1. c4 g6 2. Nf3 Bg7 3. g3 e5 4. Nc3 d6 5. Bg2 Nc6 6. 0-0 f5 7. d3 Nf6 8. Bg5 h6 9. Bxf6 Qxf6 10. Nd5 Qf7 11. Re1 0-0 12. e4 fxe4 13. dxe4 Bg4 14. Re3 Nd4 15. Qd3 Bxf3 16. Bxf3 Nxf3+ 17. Kg2 Nd4 18. Ree1 Qd7 19. f4 c6 20. Ne3 Rae8 21. f5 gxf5 22. exf5 e4 23. Qd1 Nxf5 24. Nxf5 Rxf5 0-1

[Event "Val Thorens op 32nd"]
[Site "Val Thorens"]
[Date "2006.07.21"]
[Round "7"]
[White "Colas, Yves"]
[Black "Dubois, Herve"]
[Result "0-1"]
[WhiteElo "1850"]
[BlackElo "1957"]
[PlyCount "84"]
[EventDate "2006.07.15"]
[EventType "swiss"]
[EventRounds "9"]
[EventCountry "FRA"]
[SourceTitle "EXT 2010"]
[Source "ChessBase"]
[SourceDate "2010.11.25"]
[SourceVersion "1"]
[SourceVersionDate "2010.11.25"]
[SourceQuality "1"]

1. e4 c5 2. Nf3 d6 3. d4 cxd4 4. Nxd4 Nf6 5. Nc3 a6 6. Be2 e6 7. 0-0 Be7 8. f4 0-0 9. Kh1 Qc7 10. a4 Nc6 11. Be3 Re8 12. Bf3 Rb8 13. Qd2 Bd7 14. Nb3 b6 15. g4 Bc8 16. g5 Nd7 17. Qf2 Bf8 18. Bg2 Bb7 19. Rad1 g6 20. Bc1 Rbc8 21. Rd3 Nb4 22. Rh3 Bg7 23. Be3 Re7 24. Kg1 Rce8 25. Rd1 f5 26. gxf6 Nxf6 27. Rg3 Rf7 28. Bxb6 Qb8 29. Be3 Nh5 30. Rg4 Nf6 31. Rh4 g5 32. fxg5 Ng4 33. Qd2 Nxe3 34. Qxe3 Nxc2 35. Qb6 Ba8 36. Rxd6 Rb7 37. Qxa6 Rxb3 38. Rxe6 Rxb2 39. Qc4 Kh8 40. e5 Qa7+ 41. Kh1 Bxg2+ 42. Kxg2 Nd4+ 0-1

[Event "Lyon op"]
[Site "Lyon"]
[Date "2005.04.18"]
[Round "4"]
[White "Vidalinc, Jean Louis"]
[Black "Colas, Yves"]
[Result "1-0"]
[WhiteElo "1993"]
[BlackElo "1841"]
[PlyCount "33"]
[EventDate "2005.04.16"]
[EventType "swiss"]
[EventRounds "9"]
[EventCountry "FRA"]
[SourceTitle "CBM 105 Extra"]
[Source "ChessBase"]
[SourceDate "2005.05.01"]
[SourceVersion "1"]
[SourceVersionDate "2005.05.01"]
[SourceQuality "1"]

1. e4 c5 2. c3 Nf6 3. e5 Nd5 4. d4 cxd4 5. Nf3 e6 6. cxd4 b6 7. Nc3 Nxc3 8. bxc3 Ba6 9. Bxa6 Nxa6 10. Ng5 Nc7 11. Qh5 g6 12. Qf3 Qe7 13. Ne4 Bg7 14. Bg5 f6 15. exf6 Rf8 16. fxe7 Rxf3 17. Nd6# 1-0

[Event "Val Thorens op"]
[Site "Val Thorens"]
[Date "2002.07.21"]
[Round "3"]
[White "Colas, Yves"]
[Black "Camus, Berenger"]
[Result "0-1"]
[WhiteElo "1750"]
[BlackElo "2025"]
[PlyCount "108"]
[EventDate "2002.07.15"]
[EventType "swiss"]
[EventRounds "9"]
[EventCountry "FRA"]
[SourceTitle "EXT 2003"]
[Source "ChessBase"]
[SourceDate "2002.11.25"]
[SourceVersion "1"]
[SourceVersionDate "2002.11.25"]
[SourceQuality "1"]

1. d4 Nf6 2. c4 c5 3. d5 d6 4. Nc3 g6 5. e4 Bg7 6. Be2 0-0 7. Bg5 a6 8. a4 Qc7 9. Qc1 e6 10. Nf3 exd5 11. cxd5 Bg4 12. h3 Bxf3 13. Bxf3 Nbd7 14. Be2 Rfe8 15. Qc2 b5 16. axb5 axb5 17. Rxa8 Rxa8 18. 0-0 b4 19. Nd1 Nb6 20. b3 Nfd7 21. Bd2 Qa7 22. Bf4 Ne5 23. Ne3 Qa2 24. Bb5 Qxc2 25. Nxc2 Ra2 26. Bxe5 Bxe5 27. Ne3 Bd4 28. Nc4 Nxc4 29. Bxc4 Kg7 30. g4 Kf6 31. Kg2 Ke5 32. Kf3 Rc2 33. h4 Rc3+ 34. Ke2 Kxe4 35. f4 Re3+ 36. Kd2 Rf3 37. Rd1 Rf2+ 38. Kc1 Kxf4 39. g5 Kg4 40. h5 Kxg5 41. hxg6 hxg6 42. Rg1+ Kf4 43. Rf1 Rxf1+ 44. Bxf1 Kf3 45. Kc2 g5 46. Kd3 f5 47. Be2+ Kf2 48. Bh5 g4 49. Bg6 f4 50. Ke4 g3 51. Kd3 g2 52. Be4 g1Q 53. Bf3 Kxf3 54. Kc2 Qf2+ 0-1